000 00644nam a2200181Ia 4500
008 090124s9999 xx 000 0 und d
082 _b6578
100 _aमंगळवेढेकर राजा
245 _a द्राविड तामिळनाडु
250 _a0
260 _bनितीन प्रकाशन पुणे 4
_c1974
300 _a96
600 _aमंगळवेढेकर राजा
630 _a द्राविड तामिळनाडु
700 _aमंगळवेढेकर राजा
730 _a द्राविड तामिळनाडु
942 _cBOOK
999 _c86752
_d86752